Religion y miedo a la libertad /

Bibliographic Details
Main Author: Villacorta, José Luis
Corporate Author: Universidad de Deusto. Facultad de Teología
Format: Electronic Book
Language:Spanish
Published: Bilbao : Universidad de Deusto, 1996.
Series:Cuadernos de teología Deusto ; no. 8.
Subjects:
Online Access:Digitalia Hispánica

MARC

LEADER 00000nam a2200000Ii 4500
001 DIGDEU0408
003 NyNyDIG
006 m o d
007 cr |||||||||||
008 130501s1996 sp b 000 0 spa d
020 |a 9788498309119  |q (eBook) 
020 |z 8474854490 
020 |z 9788474854497 
035 |a (OCoLC)709531099 
040 |a DGITA  |b eng  |e pn  |c DGITA 
050 1 4 |a BT30 eBook 
100 1 |a Villacorta, José Luis. 
245 1 0 |a Religion y miedo a la libertad /  |c Jose Luis Villacorta. 
264 1 |a Bilbao :  |b Universidad de Deusto,  |c 1996. 
300 |a 1 online resource (29 pages)  
336 |a text  |b txt  |2 rdacontent 
337 |a computer  |b c  |2 rdamedia 
338 |a online resource  |b cr  |2 rdacarrier 
490 1 |a Cuadernos de teología Deusto ;  |v no. 8. 
504 |a Includes bibliographic references (p. 29). 
650 0 |a Liberty  |x Religious aspects. 
655 0 |a Electronic books. 
710 2 |a Universidad de Deusto.  |b Facultad de Teología. 
791 2 |a Digitalia (Firm),  |e distributor. 
830 0 |a Cuadernos de teología Deusto ;  |v no. 8. 
793 0 |g Digitalia eBook Collection:  |a Universidad de Deusto. 
856 4 0 |3 Digitalia Hispánica  |u https://www.digitaliapublishing.com/a/17879/ 
910 |a Premium Collection: 2007-2012